00269nam a2200109Ia 4500008004100000100003100041245001200072260000900084300003300093440002400126650000900150180117s9999 xx 000 0 und d aby KEvin Christopher Dones aWant By c2017 a20-22 pages, 2017 January 22 aPhilippine Panorama aWANT